000 00859nam a2200253 a 4500
001 BRCA_250
005 20190320202932.0
008 051005s2002----pl-a---###---#000-0#pol-#
020 _a8389053012
041 _apol
044 _apl
050 4 _aNK5114
_b.D65 2002
100 1 _aDolczewski, Zygmunt
_9868
245 1 0 _aVitrea Splendida
_bKolekcja Szkiel Dawnych = Old Glassware Collection
_cZygmunt Dolczewski.
260 _aPolonia
_bNational Museum in Poznan
_c2002
300 _a229 p.
_bil. (algunas a color)
_c28 cm.
500 _aCatálogo de las colecciones del Museo Nacional de Poznan
500 _aIncluye índice de nombres, índice de lugares y glosario
504 _aBibliografía: p. 224-225
546 _aTexto en: polaco e inglés
650 1 4 _aVidrio
_vCatálogos
_xDiseño
_9869
650 1 4 _aVidrio
_vExposiciones
_9870
942 _2lcc
_cB
999 _c206
_d206